Η καστανιά : η συστηματική καλλιέργειά της : συντήρηση και μεταποίηση καστάνων
Αποθηκεύτηκε σε:
| Κύριος συγγραφέας: | |
|---|---|
| Μορφή: | Βιβλίο |
| Γλώσσα: | Greek |
| Δημοσίευση: |
Αθήνα :
Αγροτική Τράπεζα της Ελλάδος,
1986
|
| Θέματα: | |
| Ετικέτες: |
Προσθήκη ετικέτας
Δεν υπάρχουν, Καταχωρήστε ετικέτα πρώτοι!
|
MARC
| LEADER | 00000nam a2200000 i 4500 | ||
|---|---|---|---|
| 001 | 1/105192 | ||
| 008 | 950609s1986 gre d | ||
| 035 | |l 10013563 | ||
| 040 | |a GR-MY-UA |b gre |e aacr | ||
| 041 | 0 | |a gre | |
| 082 | 0 | |a 583.976 | |
| 100 | 1 | |a Δημουλάς, Ιωάννης. | |
| 245 | 1 | 2 | |a Η καστανιά : |b η συστηματική καλλιέργειά της : συντήρηση και μεταποίηση καστάνων / |c Ι. Δημουλά |
| 260 | |a Αθήνα : |b Αγροτική Τράπεζα της Ελλάδος, |c 1986 | ||
| 300 | |a 214 σ. | ||
| 650 | 0 | 0 | |a Castanea |x Ecology. |
| 852 | |a INST |b LESVOS |e 19950609 |h 583.976 ΔΗΜ |p 005100005947 |q 005100005947 |t BK |y 0 | ||
| 909 | |a Λ |b 07850 | ||